F.T. Palgrave's: the golden treasury of the best songs and lyrical poems
Պահպանված է:
| Հիմնական հեղինակ: | |
|---|---|
| Ձևաչափ: | Գիրք |
| Լեզու: | անգլերեն |
| Հրապարակվել է: |
Nueva York
The New American Library
1953
|
| Շարք: | A Mentor Book
|
| Խորագրեր: | |
| Ցուցիչներ: |
Ավելացրեք ցուցիչ
Չկան պիտակներ, Եղեք առաջինը, ով նշում է այս գրառումը!
|
MARC
| LEADER | 00000nam a2200000 a 4500 | ||
|---|---|---|---|
| 001 | UCI6998 | ||
| 003 | CL-VaPUC | ||
| 008 | 080605e19530000US |||||||||||||||||eng|d | ||
| 082 | 0 | 4 | |a 821 |b WIL |2 21 |
| 100 | 0 | |a Williams, Oscar |e author |9 530123 | |
| 245 | 1 | 0 | |a F.T. Palgrave's: the golden treasury of the best songs and lyrical poems |
| 300 | |a 564 p | ||
| 942 | |c BK | ||
| 945 | |d 20080605 00:00:00 |a rbrito | ||
| 260 | |a Nueva York |b The New American Library |c 1953 | ||
| 650 | 0 | |a Poesías inglesas |9 265094 | |
| 650 | 7 | |a LIRICA INGLESA |2 CL-VaPUC |9 530124 | |
| 650 | 0 | |a Poetas ingleses |9 345278 | |
| 583 | |a last modification |c 20080605 00:00:00 |k Rodrigo Vera | ||
| 490 | 0 | |a A Mentor Book | |
| 999 | |c 330428 |d 330426 | ||
| 952 | |0 0 |1 0 |4 0 |6 821_000000000000000_WIL_1953 |7 0 |8 A |9 415959 |a BIBEDU |b BIBEDU |d 2019-11-22 |i 4447069 |o 821 WIL 1953 |p 4447069 |r 2019-11-22 |w 2019-11-22 |y BK |k LIT | ||